000 00476nam a22001937a 4500
003 MPLRDC
005 20220104123423.0
008 210129b ||||| |||| 00| 0 eng d
020 _a7-80536-089-8
082 _a955 GWX v.13
100 _a杭志忠
245 _a摄影小诀窍
_c
250 _a一版五刷
260 _a
_b浙江摄影出版社
_c1992
300 _b
490 _a跟我学摄影丛书
650 _a摄影术之应用
942 _cBK
_o955 GWX v.13
999 _c11292
_d11282